00470nam a2200193 a 4500001001300000003000900013005001700022008004100039020001000080082001600090100001800106245001900124260004200143300000900185500003500194505001000229650001900239700001800258nice12345678IN_TiNIC20260116011904.0050524s1969 hyda grp 000 0 urd  ac10000a891.51bMOO aMoosavi, Barg aNaghma-O-Ilham aHyderabadbSahifa Mission Pressc1969 a104p aincludes index and biblioraphy2 aIndex aPersian Poetry1 aMoosavi, Barg